000 00712nam a2200253 a 4500
003 AR-BaBNM
005 20251128203334.0
008 082120s2002 ||||||||||||||000 | spa||
040 _cAR-BaBNM
100 1 _aVilla de Camba, Nelly
245 0 0 _aBiología 2do año
_bun enfoque ecológico para el currículo de Enseñanza Media
250 _a1ª ed.
260 _aBuenos Aires
_bKapelusz
_c1977
300 _a96 p.
_bil.
490 0 _aCuaderno pedagógico
_vv. 40
650 4 _aENSEÑANZA DE LA CIENCIA
650 4 _aENSEÑANZA DE LA BIOLOGIA
650 4 _aECOLOGIA
650 4 _aCURRICULO
650 4 _aACTIVIDADES DE APRENDIZAJE
653 _aEDUCACION SECUNDARIA
942 _cBK
998 _cCarmen
999 _c2969
_d2969